000
00283nam a22001217a 4500
003
OSt
008
241210b |||||||| |||| 00| 0 eng d
041
_a
eng
100
_a
Norris, Roy C
_9
6468
245
_a
Principles of Electricity Illustrated
260
_b
Current Books
942
_c
BK
999
_c
18431
_d
18431